Top 50 Baby Boy Names Beginning with T - Statistics

General Stats
  • This quiz has been taken 969 times
  • The average score is 21 of 50
Answer Stats
Hint Answer % Correct
2 Thomas
94%
26 Tomas
94%
8 Timothy
87%
22 Ty
86%
3 Tyler
81%
5 Theo
80%
27 Tommy
79%
1 Theodore
78%
19 Taylor
74%
44 Toby
63%
35 Trent
62%
15 Trevor
60%
21 Tony
58%
11 Travis
57%
34 Terry
56%
9 Tobias
54%
37 Terrance
53%
43 Terrence
53%
24 Trey
53%
33 Tristen
52%
40 Tristian
52%
6 Tristan
51%
16 Troy
51%
10 Tanner
50%
14 Tyson
50%
7 Tucker
43%
20 Trenton
39%
13 Tate
36%
31 Tru
36%
48 True
36%
30 Thaddeus
32%
47 Tyronne
28%
12 Titus
26%
18 Tatum
25%
28 Trace
25%
29 Talon
20%
17 Tripp
20%
49 Truman
20%
38 Turner
19%
39 Torin
18%
4 Thiago
17%
32 Thatcher
13%
41 Tahj
12%
45 Taj
12%
42 Terrell
12%
23 Titan
12%
36 Truett
7%
50 Tariq
5%
25 Tadeo
4%
46 Tzyi
0%
No matching quizzes found
Score Distribution
Percent of People with Each Score
Percentile by Number Answered
Your Score History
You have not taken this quiz